000 00666nam a22001937a 4500
999 _c20102
_d20102
003 AR-CdUCM
008 190517b ||||| |||| 00| 0 sp d
040 _aMUNICIPALIDAD PROVINCIAL DEL CUSCO
_cBIBLIOTECA MUNICIPAL DEL CUSCO
082 _a818.58 /
_bSI61
100 _aSinclair, Upton
_940717
245 _aLa cosecha del dragón /
260 _aBuenos Aires :
_bClaridad,
_c1951.
300 _a604 páginas ;
_c23 cm.
505 _aContenido : Sin Tener en cuenta su destino -- En que cena con el diablo -- Que alegría que no reconozcas límites...
650 _aLiteratura.
_983
650 _aHistoria novelada
_942060
942 _2ddc
_cLIBROS
945 _arcc